000 01118nji a22002657a 4500
005 20100916111239.0
006 a|||||r|||||00| 0
007 sd ammalaaahaa
008 100830t xxu||||| |||| 00| 0 eng d
028 _aAMLH.22007
_bDark Horse Record
035 _aGR-02525
040 _aSED
_cSED
100 _917455
_aRavi Shankar
245 _aRavi Shankar's music festival from India /
_csung by Ravi Shankar
_h[sound recording] :
246 _aरवि शंकर म्यूजिक फेस्टिवल फ्रॉम इंडिया /
260 _aDum Dum, India
_bDark Horse Records
_c1976
300 _a1 sound disc [Gramophone Recording]:
_banalog, 33 1/3 rpm
_c12.5 in. (LP)
_fGramophone Record
500 _aBrief Record
500 _aRecord labels : Dark Horse Records, Yellow
505 _aSide-1 वंदना (Vandana) (Ravi Shankar) Side-2 कजरी (Kajri) (Ravi Shankar)
600 _aRavi Shankar
_919590
650 _aClassical Music
_zIndia
_91186
_xExcerpts
942 _2ddc
_cGR
999 _c46095
_d46095